<?xml version="1.0" encoding="UTF-8"?>
<collection xmlns="http://www.loc.gov/MARC21/slim">
  <record>
    <leader>00000nam  2200000   4500</leader>
    <controlfield tag="001">INLIS000000000018943</controlfield>
    <controlfield tag="005">20250117032007</controlfield>
    <datafield tag="035" ind1="#" ind2="#">
      <subfield code="a">0010-0125000087</subfield>
    </datafield>
    <controlfield tag="007">ta</controlfield>
    <controlfield tag="008">250117################g##########0#ind##</controlfield>
    <datafield tag="020" ind1="#" ind2="#">
      <subfield code="a">978-602-453-049-5</subfield>
    </datafield>
    <datafield tag="082" ind1="#" ind2="#">
      <subfield code="a">658.3</subfield>
    </datafield>
    <datafield tag="084" ind1="#" ind2="#">
      <subfield code="a">658.3 WAH t</subfield>
    </datafield>
    <datafield tag="100" ind1=" " ind2="#">
      <subfield code="a">Wahyudin S. Adikusumah</subfield>
    </datafield>
    <datafield tag="245" ind1="1" ind2="#">
      <subfield code="a">7 Jurus Maut Revolusioner SDM /</subfield>
      <subfield code="c">Wahyudin S. Adikusumah dan Nitya Laksmiwati</subfield>
    </datafield>
    <datafield tag="260" ind1="#" ind2="#">
      <subfield code="a">Yogyakarta :</subfield>
      <subfield code="b">Deepublish,</subfield>
      <subfield code="c">2017</subfield>
    </datafield>
    <datafield tag="300" ind1="#" ind2="#">
      <subfield code="a">xxi, 161 hlm :</subfield>
      <subfield code="b">ill. ;</subfield>
      <subfield code="c">18.8 MB</subfield>
    </datafield>
    <datafield tag="650" ind1="#" ind2="4">
      <subfield code="a">Manajemen</subfield>
    </datafield>
    <datafield tag="520" ind1="#" ind2="#">
      <subfield code="a">Osamu Tsubouchi (almarhum) seorang pria jepang tulen, Ia adalah panutan. Berperawan santun, tapi berwibawa. Berpangkat tinggi di perusahaan, tapi rendah hati dan bijaksana. Ia tak pernah menghardik tapi mendidik dan memberdayakan anggota timnya. Walau berbeda kultur, bahasa, dan kebangsaan, Tsubouchi berhasil menanamkan nilai-nilai dan etika luhur. Ia mengajarkan bagaimana berpikir strategis, berlaku adil, profesional, berempati, dan menghargai setiap peran individu di Organisasi. Tsubouchi adalah mentor hebat dan isnpirator yang berandil besar dalam mengantarku ke jenjang karir lebih tinggi. Nilai-nilai yang diwariskan Tsubouchi memberiku bekal yang patut untuk menangani permasalan manajemen sumber daya ,manusia, dari hulu ke hilir di organisasi manapun.</subfield>
    </datafield>
    <datafield tag="856" ind1="#" ind2="#">
      <subfield code="a">https://web-ipustakalan.moco.co.id/book/5133d244-77bb-477a-9064-376265ab062e</subfield>
    </datafield>
    <datafield tag="990" ind1="#" ind2="#">
      <subfield code="a">2024/4/A/0011</subfield>
    </datafield>
    <datafield tag="990" ind1="#" ind2="#">
      <subfield code="a">2024/4/A/0012</subfield>
    </datafield>
  </record>
</collection>
